Rozvojové procesy v manažmente výroby diplomová práca

Gespeichert in:
Bibliographische Detailangaben
1. Verfasser: Roziak, Lukáš
Körperschaft: Fakulta podnikového manažmentu EU. Katedra manažmentu výroby a logistiky - zrušená
Weitere Verfasser: Dupaľ, Andrej
Format: Buch
Sprache:Slowakisch
Veröffentlicht: Bratislava 2018
Tags: Tag hinzufügen
Keine Tags, Fügen Sie das erste Tag hinzu!

MARC

LEADER 00000nbm a2200000 4500
001 0244715
005 20181009130958.2
041 0 |a slo 
044 |a SK 
245 1 0 |a Rozvojové procesy v manažmente výroby  |b diplomová práca  |c Lukáš Roziak ; školiteľ: Andrej Dupaľ 
264 1 |a Bratislava  |c 2018 
300 |a 64 s. 
100 1 |a Roziak, Lukáš 
700 1 |a Dupaľ, Andrej 
710 2 |a Fakulta podnikového manažmentu EU. Katedra manažmentu výroby a logistiky - zrušená